Normal view
MARC view
Entry Topical Term
001 - CONTROL NUMBER
- control field: 4895
003 - CONTROL NUMBER IDENTIFIER
- control field: ARRUPE
005 - DATE AND TIME OF LATEST TRANSACTION
- control field: 20131203173301.0
008 - FIXED-LENGTH DATA ELEMENTS
- fixed length control field: 131203|| aca||aabn | a|a d
040 ## - CATALOGING SOURCE
- Original cataloging agency: ARRUPE
- Transcribing agency: ARRUPE
150 ## - HEADING--TOPICAL TERM
- Topical term or geographic name as entry element: Knowledge, Theory of.
670 ## - SOURCE DATA FOUND
- Source citation: Work cat.: (ARRUPE)0: Foley, Richard, 1947- 4893, Working without a net :, 1993.